000 00480nam a2200181Ia 4500
001 10679
005 20260306161850.0
008 260306t1967||||xx |||||||||||||| ||spa||
041 _aESP
082 _a946.07
_bE56
100 _aEnciso Recio, Luis Miguel
_eAUT
245 0 _aLa opinión pública española y la independencia hispanoamericana 1819-1820
260 _c1967
300 _a179 páginas :
_c22 cm.
650 _aGEN
654 _aCHU
942 _cLIB
_dJUS
_fJUS
_2ddc
_n
999 _c10679
_d10679